MASTERING THE TECHNIQUES OF LASER APPLICATION (Record no. 14537)

MARC details
000 -LEADER
fixed length control field 00304nam a22001337a 4500
003 - CONTROL NUMBER IDENTIFIER
control field SGT
082 ## - DEWEY DECIMAL CLASSIFICATION NUMBER
Classification number 617.7
Item number M08G
100 ## - MAIN ENTRY--PERSONAL NAME
Personal name GARG, ASHOK
245 ## - TITLE STATEMENT
Title MASTERING THE TECHNIQUES OF LASER APPLICATION
260 ## - PUBLICATION, DISTRIBUTION, ETC. (IMPRINT)
Place of publication, distribution, etc INDIA
Name of publisher, distributor, etc JAYPEE
Year of Publication 2008
300 ## - PAGE DESCRIPTION
No. of Pages 872
650 ## - SUBJECT ADDED ENTRY--TOPICAL TERM
Topical term or geographic name as entry element OPHTHALMOLOGY
942 ## - ADDED ENTRY ELEMENTS (KOHA)
Source of classification or shelving scheme Dewey Decimal Classification
Koha item type Books
Holdings
Withdrawn status Lost status Source of classification or shelving scheme Damaged status Not for loan Collection code Home library Current library Shelving location Date acquired Vendor Name SGTU Bill Number Total Checkouts Full call number Accession No. (Barcode) Date last seen Bill Date Koha item type
    Dewey Decimal Classification     MEDICAL SGT Medical Library SGT Medical Library Reference Book 15/01/2018 ABC SGTU 8707   617.7 M08G FM9336 15/01/2018 08/07/2017 Books
    Dewey Decimal Classification     MEDICAL SGT Medical Library SGT Medical Library Reference Book 15/01/2018 ABC SGTU 8707   617.7 M08G FM9337 15/01/2018 08/07/2017 Books